000 00754 a2200205 4500
000 BKB
001 141366
005 20200902165524.0
008
020 _a9781420070743
082 _a333.73130285
_bR28R
100 1 _aRemote sensing of land use and land cover : principles and applications
245 1 _aRemote sensing of land use and land cover : principles and applications
_cedited by Chandra P. Giri
260 _aBoca Raton
_bCRC Press
_c2012
300 _a425p.
630 _aEnvironmental Science
690 _aLand use--Remote sensing; Remote sensing; Land use--Research--Methodology; Cartography--Remote sensing
700 _aGiri, Chandra P., ed.
_b
_c
964 _a
_bENG
_c
_d
_e
_f
_g
999 _c21298
_d21298